Movies Quiz

Random Movies Quiz

Movies by Location Quiz Stats

Quiz not verified by Sporcle

Challenge
Share
Tweet
Embed
Score 0/12 Timer 05:00
0 Plays Today
Location Film Title % Correct
DantooineStar Wars
69.3%
TortugaPirates of the Caribbean
57.1%
42 Wallaby WayFinding Nemo
56.1%
Borgin and BurkesHarry Potter
52.9%
Prancing PonyLord of the Rings: Fellowship of the Ring
40.7%
The Winchester Shaun of the Dead
34.9%
Two Pines Wedding Chapel Kill Bill
23.3%
Kellerman's ResortDirty Dancing
13.2%
HardbodiesBurn After Reading
11.1%
Pankot PalaceIndiana Jones and the Temple of Doom
10.1%
Delta VegaStar Trek
9%
Kalokairi (Island)Mamma Mia!
2.6%

You're not logged in!

Compare scores with friends on all Sporcle quizzes.
Join for Free
OR
Log In

You Might Also Like...

Show Comments

Extras

Created Jan 20, 2010ReportNominate
Tags:location

Top Quizzes Today


Score Distribution

Your Account Isn't Verified!

In order to create a playlist on Sporcle, you need to verify the email address you used during registration. Go to your Sporcle Settings to finish the process.

Report this User

Report this user for behavior that violates our Community Guidelines.

Details: